000 01067cab a2200193 4500
001 ##L132339
008 060130n2006 000 0 eng u
035 _a(Sirsi) u132339
041 0 _aeng
100 1 _aBingham, Tony
245 0 0 _aJust don't do it
260 _c2006
490 0 _aBuilding
_v271(8415) 27 January 2006, 64-65(2)
520 _aGives the facts of, and comments upon, "All In One Building and Refurbishments Ltd v Makers UK Ltd" ([2005] EWHC 2943, TCC, 19 December 2005), in which an adjudicator allowed A to produce evidence in support of its claim for damages after the adjudication had started. The author argues that this defeats the whole point of the process, which is to adjudicate solely on the arguments presented before the 28 day adjudication period commences.
590 _aIKA310106
650 2 4 _aALL IN ONE BUILDING & REFURBISHMENTS LTD V MAKERS UK LTD
690 _aMANAGEMENT-DISPUTE AVOIDANCE, MANAGEMENT AND RESOLUTION-DISPUTE MANAGEMENT AND RESOLUTION-ALTERNATIVE DISPUTE RESOLUTION-ADJUDICATION-ADJUDICATORS
942 _n0
999 _c76405
_d76405